| 000 | 00412nam a2200181Ia 4500 | ||
|---|---|---|---|
| 000 | 00746ngmaa2200277 a 4500 | ||
| 003 | RNL | ||
| 006 | g||||fr|||| a0| fz | ||
| 007 | hj bfb|||baap | ||
| 008 | 090707b ii f a fnsan d | ||
| 040 | _aeng | ||
| 100 | _aManmohan Bawa | ||
| 245 | _aUndithe Raste Uche Parbat | ||
| 260 | _aChandigarh, | ||
| 260 | _bLokgeet Prakashan | ||
| 260 | _c2014 | ||
| 942 | _cBK | ||
| 999 |
_c24524 _d24524 |
||